000 00555nam a2200217Ia 4500
005 20241216010220.0
008 180423s9999||||xx |||||||||||||| ||und||
082 _a848.43
_bB26
100 _aBAUTISTA POQUELIN, JUAN
245 0 _aTARTUFO EL MEDICO A PALOS
250 _a0
260 _aLIMA-PERU
_bSERVICIOS GRAFICOS ZARAGO
_c1995
300 _a146 pag.
_c17 cm
341 _h5.51
490 _v0
_a0
505 _aOBRA
541 _aC
_bLIBRERIA SAN CRISTOBAL
_d06-Feb-02
_odólar
650 _aLITERATURA
856 _zHumanidades
942 _cLIBRO
999 _c8555
_d8555